000 02263nam0a22003011 4500
001 v19\rc\1323659
005 20060512112558.7
035 _a(NLR Aleph) 004559750
090 _a2257458
_c2257458
100 _a20060512d1837 |||y0rusy50 ca
101 0 _arus
102 _aRU
105 _aa z |||||
200 1 _aПоташный фабрикант, или Руководство к приготовлению сырого и жженого поташа из камней и из отечественных растений, кои в то же время можно употреблять вместо топильного материала, с присообщением новейших средств к узнанию различных примесей при покупке поташа, к очищению оного и к добыванию гораздо в большем против прежнего количестве
_fСоч. Эдгарда Фридриха Лейхса, проф. технологии и члена многих учен. о-в
210 _a[Москва]
_cтип. В. Кирилова
_d1837
215 _a16 с., 1 л. ил.
_d24
316 _aЭкз. РНБ (18.110.2.87): деф.: нет черт.
_5NLR: 18.110.2.87
517 0 _aРуководство к приготовлению сырого и жженого поташа из камней и из отечественных растений, кои в то же время можно употреблять вместо топильного материала, с присообщением новейших средств к узнанию различных примесей при покупке поташа, к очищению оного и к добыванию гораздо в большем против прежнего количестве
700 1 _aЛейхс
_bЭ. Ф.
_f1800-1837
_gЭрхард Фридрих
790 1 _aЛейхс
_bЭ. Ф.
_f1800-1837
_gЭдгар Фридрих
790 1 _aЛейхс
_bЭ. Ф.
_f1800-1837
_gЭдгард Фридрих
801 0 _aRU
_bNLR
_gpsbo
801 0 _aRU
_bRuMoRGB
_2psbo
801 1 _aRU
_bProSoft-M
_2rusmarc
852 _aNLR
_j18.110.2.87
899 _aБАН
942 _cBOOK
980 _aNB